Catálogo
 En Linea

En el laberinto de las palabras : (Registro nro. 20978)

Detalles MARC
000 -CABECERA
campo de control de longitud fija 01030nam a2200253 a 4500
001 - NÚMERO DE CONTROL
campo de control 000021478
005 - FECHA Y HORA DE LA ÚLTIMA TRANSACCIÓN
campo de control 20240301073829.0
008 - DATOS DE LONGITUD FIJA--INFORMACIÓN GENERAL
campo de control de longitud fija 100908s1992 dr 001 0 spa d
040 ## - FUENTE DE LA CATALOGACIÓN
Centro catalogador/agencia de origen DO-SdBNP
Lengua de catalogación spa
Centro/agencia transcriptor BNPHU
082 ## - NÚMERO DE LA CLASIFICACIÓN DECIMAL DEWEY
Número de clasificación 327.0972
Número de documento/Ítem R457L
100 1# - ENTRADA PRINCIPAL--NOMBRE DE PERSONA
Nombre de persona Reyes Sánchez, Miguel
9 (RLIN) 16027
245 10 - MENCIÓN DE TÍTULO
Título En el laberinto de las palabras :
Resto del título semblanza histórica de la realidad centroamericana /
Mención de responsabilidad, etc. Miguel Reyes Sánchez ; prólogo Tony Raful.
260 ## - PUBLICACIÓN, DISTRIBUCIÓN, ETC.
Lugar de publicación, distribución, etc. Santo Domingo :
Nombre del editor, distribuidor, etc. Imprenta del Banco Central,
Fecha de publicación, distribución, etc. 1992.
300 ## - DESCRIPCIÓN FÍSICA
Extensión 214 p. ;
Dimensiones 22 cm.
500 ## - NOTA GENERAL
Nota general Incluye índice de nombres
500 ## - NOTA GENERAL
Nota general Incluye referencia bibliográfica y notas al pie de las páginas
504 ## - NOTA DE BIBLIOGRAFÍA, ETC.
Nota de bibliografía, etc. Biibliografía : p. 187-209
590 ## - NOTA LOCAL (RLIN)
Nota local Inventariado, 2018/BT
651 #4 - PUNTO DE ACCESO ADICIONAL DE MATERIA--NOMBRE GEOGRÁFICO
Nombre geográfico América Central
Subdivisión general Relaciones Exteriores
9 (RLIN) 44790
650 #4 - PUNTO DE ACCESO ADICIONAL DE MATERIA--TÉRMINO DE MATERIA
Término de materia o nombre geográfico como elemento de entrada Derecho internacional
Subdivisión geográfica América Central
Subdivisión general Historia
9 (RLIN) 44791
651 #4 - PUNTO DE ACCESO ADICIONAL DE MATERIA--NOMBRE GEOGRÁFICO
Nombre geográfico América Central
Subdivisión general Política Y Gobierno
9 (RLIN) 44792
700 12 - PUNTO DE ACCESO ADICIONAL--NOMBRE DE PERSONA
Nombre de persona Raful, Tony,
Fechas asociadas al nombre 1951-
Término indicativo de función/relación pról.
9 (RLIN) 1377
910 ## - DATOS DE OPCIÓN DEL USUARIO (OCLC)
Datos de opción del usuario Validado. Control de calidad. MFF
Existencias
Estado de retiro Estado de pérdida Restricciones de uso No para préstamo Código de colección Localización permanente Ubicación/localización actual Ubicación en estantería Fecha de adquisición Número de inventario Total de préstamos Signatura topográfica completa Código de barras Fecha visto por última vez Número de copia Precio válido a partir de Tipo de ítem Koha
        Dominicana de Servicio General General Depósito 08.09.2010 LF1   327.0972 R457L 21478-30 25.06.2020 e. 3 25.06.2020 Libro y Folleto Colección Dominicana de Servicio
        Dominicana de Servicio General General Depósito 08.09.2010 LF1   327.0972 R457L 21478-40 25.06.2020 e. 4 25.06.2020 Libro y Folleto Colección Dominicana de Servicio
        Dominicana de Servicio General General Depósito 08.09.2010 LF1   327.0972 R457L 21478-50 25.06.2020 e. 5 25.06.2020 Libro y Folleto Colección Dominicana de Servicio
      Excluido de préstamo Patrimonio Dominicano Patrimonio Dominicano Patrimonio Dominicano Depósito 08.09.2010 LF1   327.0972 R457L 21478-10 25.06.2020   25.06.2020 Libro y Folleto Colección Patrimonio Dominicano
      Excluido de préstamo Patrimonio Dominicano Patrimonio Dominicano Patrimonio Dominicano Depósito 08.09.2010 LF1   327.0972 R457L 21478-20 25.06.2020 e. 2 25.06.2020 Libro y Folleto Colección Patrimonio Dominicano

Con tecnología Koha